000 00319nam a22001457a 4500
008 210527b ||||| |||| 00| 0 eng d
020 _a9781931536189
041 _aeng
080 _a72
082 _a72
100 _a41
101 _aARK
245 _aThe Art of Interior Architecture
_cJen Renzi
942 _2udc
_cBK
999 _c57704
_d57704